000 00710nas a2200229 4500
001 BR0804185
003 BR-BrBNA
005 20231205111756.0
007 ta
008 230509b bl.|||p| |||| 00| 00por d
040 _aBR-BrBNA
_bpor
_cBiblioteca Nacional de Agricultura
041 _a(Pt)
072 _aL53
100 1 _aFeser, M.
245 1 _aAnálise de índices reprodutivos de avestruzes de um criatório no Rio Grande do Sul
650 _aAVESTRUZ
650 _aREPRODUÇÃO ANIMAL
650 _aRIO GRANDE DO SUL
773 0 _tA Hora Veterinária (Brazil)
_xISSN 0101-9163
_g(Jan-Feb 2005), v. 24(143) p. 48-50
_wBR0804185
909 _a202311
_bLúcia
_c55
_dLúcia Elande
942 _2AGRIS
_n0
_cANA
999 _c194426
_d194426